00765cam a2200241 i 450000100060000000300080000600500170001400800390003103500190007004000320008904100110012108200210013210000320015324501150018526000360030030000200033650000540035650000200041050400280043065000200045865000230047865000220050129486BD-RjUL20211209051422.0140403s1949 enk b 001 0 eng a(BD-RjUL)29571 aDLCcDLCdDLCdBD-RjULbeng1 aengger a131.34bFRG 19491 aFreud, Sigmund,d1856-1939.10aGroup psychology and the analysis of the ego /cSigmund Freud ; translated and newly edited by James Strachey. aLondon :bHogarth Press,c1949. a134p. ;c23 cm. aTranslation of Massenpsychologie und Ich-Analyse. aIncludes index. aBibliography: p. 77-80. 0aPsychoanalysis. 0aSocial psychology. 0aEgo (Psychology).